000
002620000a22000970004500
100
1
_a
Burkhardt, Helmut
245
1
0
_a
Work disposed of humanity endagered
300
_a
Vol. 7, Núm 2 (1998), Páginas 113-126
773
0
_t
European Journal of Theology
942
_c
ANA
999
_c
54008
_d
54008